Management Starts With You : (Record no. 27585)

MARC details
000 -LEADER
fixed length control field 00601nam a22002177a 4500
003 - CONTROL NUMBER IDENTIFIER
control field OSt
005 - DATE AND TIME OF LATEST TRANSACTION
control field 20220630114540.0
008 - FIXED-LENGTH DATA ELEMENTS--GENERAL INFORMATION
fixed length control field 220630b |||||||| |||| 00| 0 eng d
020 ## - INTERNATIONAL STANDARD BOOK NUMBER
International Standard Book Number 9781472137302
040 ## - CATALOGING SOURCE
Transcribing agency MOSTI LIBRARY
090 00 - LOCALLY ASSIGNED LC-TYPE CALL NUMBER (OCLC); LOCAL CALL NUMBER (RLIN)
Classification number (OCLC) (R) ; Classification number, CALL (RLIN) (NR) 658.4 :
Local cutter number (OCLC) ; Book number/undivided call number, CALL (RLIN) HES
100 0# - MAIN ENTRY--PERSONAL NAME
Personal name Hester, Alan
245 10 - TITLE STATEMENT
Title Management Starts With You :
Remainder of title Gain Confidence and Success as a Leader and Manager /
Statement of responsibility, etc. Alan Hester
260 ## - PUBLICATION, DISTRIBUTION, ETC.
Place of publication, distribution, etc. London :
Name of publisher, distributor, etc. Robinson,
Date of publication, distribution, etc. 2017
300 ## - PHYSICAL DESCRIPTION
Extent xi, 175pages ;
Dimensions 20cm
500 ## - GENERAL NOTE
General note Includes Index
650 10 - SUBJECT ADDED ENTRY--TOPICAL TERM
Topical term or geographic name entry element Management
650 20 - SUBJECT ADDED ENTRY--TOPICAL TERM
Topical term or geographic name entry element Leadership
942 ## - ADDED ENTRY ELEMENTS (KOHA)
Source of classification or shelving scheme Dewey Decimal Classification
Koha item type Book
Suppress in OPAC No
949 ## - LOCAL PROCESSING INFORMATION (OCLC)
0 018620
Holdings
Withdrawn status Lost status Source of classification or shelving scheme Damaged status Not for loan Home library Current library Shelving location Date acquired Source of acquisition Total Checkouts Full call number Barcode Date last seen Price effective from Koha item type
    Dewey Decimal Classification     MOSTI Library MOSTI Library Open shelf 28/11/2021 PEROLEHAN 2021 SYARIKAT ARENA ILMU   658.4 HES 018620 30/06/2022 30/06/2022 Book